000
00277nam a22001217a 4500
008
160503b xxu||||| |||| 00| 0 eng d
020
_a
0443087245
020
_a
0443087245
041
_a
eng
080
_a
61
245
_a
Human embryology:
_c
William J. Larsen;
942
_2
udc
_c
BK
999
_c
1756
_d
1756